Định lý KKM- FAN và ứng dụng Luận văn thạc sĩ toán học. Chuyên ngành: Giải tích. Mã số: 60.46.01

Đã lưu trong:
Sonraí Bibleagrafaíochta
Príomhúdar: Phan, Văn Tấn
Údair Eile: Phan, Quốc Khánh (Hướng dẫn)
Formáid: Luận văn Trealamh Leabhar
Teanga:Vietnamese
Foilsithe: Cần Thơ Đại học Cần Thơ 2003
Ábhair:
Clibeanna: Cuir Clib Leis
Gan Chlibeanna, Bí ar an gcéad duine leis an taifead seo a chlibeáil!
Thư viện lưu trữ: Trung tâm Học liệu Lê Vũ Hùng, Trường Đại học Đồng Tháp
LEADER 01055ppm a22002778a 4500
001 00029910
005 20171026081022.0
008 121128s2003 ||||||viesd
041 0 # |a vie 
082 1 4 |a 515  |b Đ312L 
100 1 # |a Phan, Văn Tấn 
245 0 0 |a Định lý KKM- FAN và ứng dụng  |b Luận văn thạc sĩ toán học. Chuyên ngành: Giải tích. Mã số: 60.46.01  |c Phan Văn Tấn; Phan Quốc Khánh (hướng dẫn) 
260 # # |a Cần Thơ  |b Đại học Cần Thơ  |c 2003 
300 # # |a 82 tr.  |c 30cm. 
500 # # |a ĐTTTS ghi: Bộ giáo dục và đào tạo. Trường Đại học Cần Thơ 
653 # # |a Luận văn 
653 # # |a Ứng dụng 
653 # # |a Định lý KKM- FAN 
653 # # |a Toán học 
700 1 # |a Phan, Quốc Khánh  |e Hướng dẫn 
852 # # |b Kho đọc SĐH  |j LV.0000096 
852 # # |j LV.0000096 
910 |d 28/11/2012 
980 # # |a Trung tâm Học liệu Lê Vũ Hùng, Trường Đại học Đồng Tháp